MDQL
is popping MORE tags! Check the
thread
!
Quizzes
Events
Quiz Creation
Community
Videos
Private Events
Remove Ads
Sign In
Join for FREE
Feedback
Dark Mode
Quiz Categories
Sports
Geography
Music
Movies
Television
Just For Fun
Miscellaneous
History
Literature
Language
Science
Gaming
Entertainment
Religion
Holiday
For Kids
Quiz Lab
Recent
Popular Today
Quiz Kudos Today
Editor Picks
Curator Picks
Quizzes by...
Day
Popularity
Type
Ratings
Length
Year
Community
Subscriptions
Recent Discussions
Orange Saloon
Badges
Playlists
Quests
Create
Leaderboards
Showdown
Live 5
Trivia Bingo
Activity
Puzzle Library
Sporcle Events
Private Events
Virtual Trivia
Globe League
Become a Host
Pub Owners
SporcleCon
Opinionation
Our Games
Videos
Blog
Mobile Apps
Partnerships
Remove Ads and Go Orange
Feedback
Music
Pop Music
The Beatles
Song
Album
Lyrics
Bands
Singers
Artist
Clip
Rock
Rap
Classical
Billboard
Country Music
Kpop
Taylor Swift
Music
Pop Music
The Beatles
Song
Album
Lyrics
Bands
Singers
Artist
Clip
Rock
Rap
Classical
Billboard
Country Music
Kpop
Taylor Swift
Random Quiz
Search Sporcle
×
Quiz Lab
Quiz Lab
Music
Song
Type in answers that appear in a list
Type in answers that appear in a list
Classic
Best Score? Go Orange.
Dylan's M songs Stats
Can you name the Bob Dylan songs beginning with M?
By
keener
10m
29 Questions
309 Plays
309 Plays
309 Plays
Comments
Comments
Give Quiz Kudos
Give Quiz Kudos
-
- Ratings
hide this ad
Random Order
Randomize order of answers
Randomize order of answers
Replay
Link that replays current quiz
Next Quiz
Link to next quiz in quiz playlist
You Got
0%
They Got
Avg Score
33%
Avg Friend Score
Upgrade to see
Score Distribution
Jump to the score distribution portion of the page
Score
0/29
Timer
10:00
0
Plays Today
Song title
% Correct
Mr Tambourine Man
69.5%
My Back Pages
60.4%
Maggie's Farm
57.1%
Masters of War
53.9%
Mississippi
53.6%
Meet Me in the Morning
48.1%
Mozambique
44.5%
Most Likely You Go Your Way (And I'll Go Mine)
43.8%
Most of the Time
41.2%
Man in the Long Black Coat
37%
Mama You Been On My Mind
34.7%
Man of Constant Sorrow
34.7%
Motorpsycho Nitemare
33.1%
Make You Feel My Love
32.5%
Moonlight
29.5%
Song title
% Correct
Man of Peace
28.6%
Million Miles
28.6%
Million Dollar Bash
27.6%
Man Gave Names To All The Animals
27.3%
Moonshiner
25.6%
Mr Bojangles
24.4%
Man on the Street
21.1%
My Wife's Home Town
20.8%
Maybe Someday
18.5%
Minstrel Boy
18.5%
Miss the Mississippi
17.9%
Mary Ann
14.9%
Marchin' to the City
14.6%
Main Title Theme (Billy)
10.4%
Quiz Playlist
Details
Report
Send in Message
Add To Playlist
Classic:
Type in answers that appear in a list
Random Order:
Randomize order of answers
Last Updated: Feb 16, 2017
Quiz Scoreboard
CHALLENGE
Sign Up to Join the Scoreboard
Show All
Scores
Hide
Comments
May contain spoilers
Recently Published
Holiday 10x10 Sorting Gallery
by lukepisani3
Holiday
15m
Two Season TV Shows II
by 123Four
Television
10m
Image Sorting: Flags VI
by Barbecue
Geography
2m
More to Explore
Quiz From the Vault
Featured Blog Post
14 Easter Pick-up Lines to Find Eggs With
hide this ad
You Might Also Like...
Tags
Album Quiz
Song Quiz
Begins With
bob
Bob Dylan
Dylan
Today's Top Quizzes in Music
Browse Music
hide this ad
Today's Top Quizzes in Song
Browse Song
Top Contributed Quizzes in Music
1
5X2 Blitz: Bands II
2
Taylor Swift All Songs (2024)
3
5X2 Blitz: The Beatles
4
5X2 Blitz: Billboard
5
Music Artist by Three 2010s hits
6
5X2 Blitz: Billboard II
7
Singers Born in the 1930s
8
5X2 Blitz: Album
9
5X2 Blitz: Rock
10
5X2 Blitz: Singers
Explore More
Trending Topics
Harry Potter
Anime
Crossword
Marvel
NBA
Kpop
Disney
Song
The Office
Pokémon
Country
NFL
Puzzle
Soccer
WWE
hide this ad
More By:
keener
Quiz
Plays
Rating
Category
Featured
Created
Premier League Man United's Top Scorers
490,306
4.02
Sports
Sep 26, 2009
Latin GCSE vocabulary A-P
15,345
4.60
Language
Nov 28, 2009
Latin GCSE vocabulary P-V
6,248
4.00
Language
Nov 28, 2009
Bob Dylan's First Lines
2,945
4.33
Music
Oct 2, 2009
Life of Brian
2,305
4.23
Movies
Oct 2, 2009
Go to Creator's Profile
Score Distribution
Quiz Creator Spotlight
keener
Follow
Send a Message
Quizzes Created
-
Created Quiz Play Count
-
More By This Creator
Popular Quizzes Today
1
Find the US States - No Outlines Minefield
2
Colored Red Africa Blitz
3
Find the 'City' Movie
4
The Countries of the World
5
Find the US States
6
5x2 Blitz: Bands
7
Find the Countries of Europe - No Outlines Minefield
8
US States
More Music Quizzes
Artists on Billboard Year-End Hot 25 singles of 2004
Quiz Lab
Trending Quizzes
Colored Red Europe Blitz I
Colored Red Europe Blitz II
Colored Red Africa Blitz II
Colored Red Africa Blitz III
Colored Red Europe Blitz III
Recently Updated
Odd Team Out - Big 4 Players
pecheneg
Quick Pick: 20 Twenties
pecheneg
March Madness Men's Triple Doubles
pecheneg
How Do You Spell That?
pecheneg
Godzilla Movies
pecheneg
Grab Bag: 4-10 Letters
pecheneg
2024 March Madness Bracket
pecheneg
Famous TV Couples
Peacemaker
Champions League XIs: Real Madrid
pecheneg
Largest US Cities 1790-2010
pecheneg
Trending Topics
Harry Potter
Kpop
Anime
Crossword
Marvel
Disney
NBA
Country
Pokémon
The Office
Soccer
Puzzle
Song
WWE
NFL
Your Account Isn't Verified!
In order to create a playlist on Sporcle, you need to verify the email address you used during registration. Go to your
Sporcle Settings
to finish the process.
Report this User
Report this user for behavior that violates our
Community Guidelines
.
Details:
Send Report
Go to the Sporcle.com Mobile Site →
Comments